• 首页
  • 本馆介绍
  • 公告通知
  • 最新文献
  • 馆藏检索
  • 电子资源
  • 读者导购
  • 参考咨询
  • 我的图书馆
  • 登录
  • 详细信息显示
  • 放入我的书架
  • 预约/预借图书
  • 作者相关作品
  • 分类相关作品
  • 丛书相关作品
  • 出版社相关作品

书目信息

  • 表格格式
  • 工作单格式
  • 卡片格式
题名:
风云海洋
    
 
作者: 李树军 , 梁开龙 编著
分册:  
出版信息: 北京   海潮出版社  2004
页数: 208页
开本: 20cm
丛书名: 海洋与军事系列图书
单 册:
中图分类: E993.1
科图分类:
主题词: 军事地理--世界 , 军事海洋学
电子资源:
ISBN: 7-80151-790-3
000 01066oam2 2200301 450
001 05002567882
005 20051009143848.68
010    @a7-80151-790-3@dCNY14.00
100    @a20050127d2004 ekmy0chiy0120 ea
101 0  @achi
102    @aCN@b110000
105    @aa az 000yy
200 1  @a风云海洋@9feng yun hai yang@e变幻莫测的海洋水文与气象@f李树军,梁开龙编著@Fli shu jun,liang kai long bian zhu
210    @a北京@c海潮出版社@d2004
215    @a208页@c图@d20cm
225 2  @a海洋与军事系列图书@i《海洋世界大观》丛书
320    @a有书目
330    @a该书讲述了变幻莫测的海洋水文与气象方面的知识。书中专题包括美丽的“龙宫”、海洋的“血液”、海洋的“浪”漫等。
461  0 @12001 @a海洋与军事系列图书
462  0 @12001 @a《海洋世界大观》丛书
517 1  @a变幻莫测的海洋水文与气象@9bian huan mo ce de hai yang shui wen yu qi xiang
606 0  @a军事地理@x世界
606 0  @a军事海洋学
690    @aE993.1@v4
701  0 @a李树军@Ali shu jun@4编著
701  0 @a梁开龙@Aliang kai long@4编著
801  0 @aCN@bTSSF@c20051009
905    @a10447@dE993.1@e2
    
    风云海洋:变幻莫测的海洋水文与气象/李树军,梁开龙编著.-北京:海潮出版社,2004
    208页:图;20cm.-(海洋与军事系列图书.《海洋世界大观》丛书)
    
    
    ISBN 7-80151-790-3:CNY14.00
    该书讲述了变幻莫测的海洋水文与气象方面的知识。书中专题包括美丽的“龙宫”、海洋的“血液”、海洋的“浪”漫等。
●
相关链接 在E读中查询图书 在五车中查询图书 在当当中查询图书 在豆瓣中查询图书


正题名:风云海洋     索取号:E993.1/2         预约/预借

序号 登录号 条形码 馆藏地/架位号 状态 备注
1 0364885   3648850   第一样本阅览室/ [索取号:E993.1/2] 在馆    
2 0364886   3648869   第一借阅区/ [索取号:E993.1/2] 在馆    
3 0364887   3648878   第一借阅区/ [索取号:E993.1/2] 在馆    
4 0364888   3648887   第一借阅区/ [索取号:E993.1/2] 在馆    
5 0364889   3648896   第一借阅区/ [索取号:E993.1/2] 在馆    
唐山师范学院图书馆 欢迎您!
大连网信软件有限公司© 版权所有